Normal view
MARC view
Entry Personal Name
001 - CONTROL NUMBER
- control field: 4725
003 - CONTROL NUMBER IDENTIFIER
- control field: OSt
005 - DATE AND TIME OF LATEST TRANSACTION
- control field: 20190424153119.0
008 - FIXED-LENGTH DATA ELEMENTS
- fixed length control field: 190424|| aca||aabn | a|a d
040 ## - CATALOGING SOURCE
- Original cataloging agency: OSt
- Transcribing agency: OSt
100 ## - HEADING--PERSONAL NAME
- Personal name: MIcklitz, Hans W. et al
670 ## - SOURCE DATA FOUND
- Source citation: Work cat.: (OSt): MIcklitz, Hans W. et al, Dissemination of consumer law and policy in Africa, Asia, the Americas, and Australia, 2018
